Kuwait : (Record no. 123352)

MARC details
000 -LEADER
fixed length control field 00843nam a22002537a 4500
005 - DATE AND TIME OF LATEST TRANSACTION
control field 20170124105924.0
010 ## - LIBRARY OF CONGRESS CONTROL NUMBER
LC control number A-743308
020 ## - INTERNATIONAL STANDARD BOOK NUMBER
Terms of availability 00.00
035 ## - SYSTEM CONTROL NUMBER
System control number A-743308
037 ## - SOURCE OF ACQUISITION
Source of stock number/acquisition Cen Lib/Ret
040 ## - CATALOGING SOURCE
Original cataloging agency DPL
Language of cataloging EN
082 ## - DEWEY DECIMAL CLASSIFICATION NUMBER
Classification number 327.5367
100 ## - MAIN ENTRY--PERSONAL NAME
Personal name Pasha, A. K.
9 (RLIN) 5556
245 ## - TITLE STATEMENT
Title Kuwait :
Statement of responsibility, etc by A. K. Pasha
Remainder of title strategies of survival /
260 ## - PUBLICATION, DISTRIBUTION, ETC. (IMPRINT)
Place of publication, distribution, etc New Delhi
Name of publisher, distributor, etc Har-Anand Publications
Date of publication, distribution, etc 1995
270 ## - ADDRESS
Address 364-A, Chirag Delhi
City New Delhi
Postal code 7000217
300 ## - PHYSICAL DESCRIPTION
Extent 334p.
Dimensions 21cm(Hb)
500 ## - GENERAL NOTE
General note Includes bibliographical references and index
650 ## - SUBJECT ADDED ENTRY--TOPICAL TERM
Topical term or geographic name as entry element Gulf war-Kuwait
9 (RLIN) 5557
650 ## - SUBJECT ADDED ENTRY--TOPICAL TERM
Topical term or geographic name as entry element War in the gulf(1991)
9 (RLIN) 5558
650 ## - SUBJECT ADDED ENTRY--TOPICAL TERM
Topical term or geographic name as entry element खाड़ी युद्ध-कुवैत
9 (RLIN) 5559
650 ## - SUBJECT ADDED ENTRY--TOPICAL TERM
Topical term or geographic name as entry element खाड़ी देशों में युद्ध (1991)
9 (RLIN) 5560
942 ## - ADDED ENTRY ELEMENTS (KOHA)
Source of classification or shelving scheme Dewey Decimal Classification
Koha item type English Books
Classification part 327.5367
Call number suffix PAS
Holdings
Withdrawn status Lost status Damaged status Not for loan Home library Current library Date acquired Source of acquisition Cost, normal purchase price Total Checkouts Full call number Barcode Date last seen Copy number Cost, replacement price Price effective from Koha item type Public note
Written off       Central Library Central Library 05/06/2015 Cen Lib/Ret 0.00   327.5367 PAS A-743308 05/06/2015 1 0.00 05/06/2015 English Books Written off on approval by DLB (By Circulation); dtd 15-06-2023

© Delhi Public Library
Hit Counter
free hit counter